BIBLIOTECA “JULIO CORTÁZAR”
ESCUELA AGROTÉCNICA “LIBERTADOR GENERAL SAN MARTÍN” - UNR – CASILDA

Logo Escuela Logo UNR

Nueva Horticultura : (Record no. 809)

MARC details
000 -LEADER
campo de control de longitud fija 00892nam#a22003015a#4500
001 - NÚMERO DE CONTROL
campo de control 809
008 - DATOS DE LONGITUD FIJA--INFORMACIÓN GENERAL
campo de control de longitud fija 090318s1992####xx#a###g######001#0#spa#d
020 ## - NÚMERO INTERNACIONAL ESTÁNDAR DEL LIBRO
Número Internacional Estándar del Libro 8471143100
080 ## - NÚMERO DE LA CLASIFICACIÓN DECIMAL UNIVERSAL
Número de la Clasificación Decimal Universal 634
084 ## - OTRO NÚMERO DE CLASIFICACIÓN
Número de clasificación R21
040 ## - FUENTE DE CATALOGACIÓN
Centro catalogador/agencia de origen AR-ClEAG
Centro/agencia transcriptor AR-ClEAG
005 - FECHA Y HORA DE LA ÚLTIMA TRANSACCIÓN
campo de control 20241107184648.0
003 - IDENTIFICADOR DE NÚMERO DE CONTROL
campo de control AR-ClEAG
100 1# - ENTRADA PRINCIPAL--NOMBRE DE PERSONA
Nombre de persona Ramos, Eduardo.
245 10 - MENCIÓN DEL TÍTULO
Título Nueva Horticultura :
Resto del título Tecnología y economía de los sistemas hortícolas intensivos. /
Mención de responsabilidad, etc. Eduardo Ramos, Luis Rallo.
250 ## - MENCION DE EDICION
Mención de edición 1ª ed.
260 ## - PUBLICACIÓN, DISTRIBUCIÓN, ETC.
Lugar de publicación, distribución, etc. España :
Nombre del editor, distribuidor, etc. Mundi-Prensa,
Fecha de publicación, distribución, etc. 1992.
300 ## - DESCRIPCIÓN FÍSICA
Extensión 183 p. :
Otras características físicas cuadros ;
Dimensiones 21 cm.
653 ## - TÉRMINO DE INDIZACIÓN--NO CONTROLADO
Término no controlado Producción de hortalizas
653 ## - TÉRMINO DE INDIZACIÓN--NO CONTROLADO
Término no controlado Tecnología en horticultura
653 ## - TÉRMINO DE INDIZACIÓN--NO CONTROLADO
Término no controlado Fisiología de la producción hortícola
653 ## - TÉRMINO DE INDIZACIÓN--NO CONTROLADO
Término no controlado Horticultura intensiva
653 ## - TÉRMINO DE INDIZACIÓN--NO CONTROLADO
Término no controlado Enfermedades
653 ## - TÉRMINO DE INDIZACIÓN--NO CONTROLADO
Término no controlado Material vegetal
653 ## - TÉRMINO DE INDIZACIÓN--NO CONTROLADO
Término no controlado Comercio de frutas y hortalizas
700 1# - ENTRADA AGREGADA--NOMBRE PERSONAL
Nombre de persona Rallo, Luis.
942 ## - ELEMENTOS DE ENTRADA SECUNDARIOS (KOHA)
Tipo de ítem Koha Libros
980 ## - EQUIVALENCIA O REFERENCIA-CRUZADA-MENCIÓN DE SERIE--NOMBRE DE PERSONA/TÍTULO [LOCAL, CANADÁ]
Enlace 2
Nombre de persona Evangelina Gallicchio
Enlace entre campo y número de secuencia 2
Información miscelánea Evangelina Gallicchio
Holdings
Estatus retirado Estado de pérdida Fuente del sistema de clasificación o colocación Estado de daño No para préstamo Biblioteca de origen Biblioteca actual Ubicación en estantería Fecha de adquisición Número de inventario Total de préstamos Signatura topográfica completa Código de barras Visto por última vez Precio de reemplazo Tipo de ítem Koha
    Clasificación decimal universal     Julio Cortázar Julio Cortázar   07/11/2024 3847   R13 634 R 13 1 Ej.1 3847 07/11/2024 07/11/2024 Libros

Contacto

Biblioteca Julio Cortázar. Escuela Agrotécnica "Libertador San Martín". Universidad Nacional de Rosario
Dirección: Ov. Lagos 1000 - 2170 Casilda - Santa Fe - Argentina
Tel: (54) (03464) 422226.
Fax: (54) (03464) 427789.
E-Mail: biblio-eac@unr.edu.ar